Key data (Record no. 78345)

MARC details
000 -LEADER
fixed length control field 00750cab a2200181 4500
001 - CONTROL NUMBER
control field L136555
008 - FIXED-LENGTH DATA ELEMENTS--GENERAL INFORMATION
fixed length control field 070207n2007 000 0 eng u
035 ## - SYSTEM CONTROL NUMBER
System control number (Sirsi) u136555
041 0# - LANGUAGE CODE
Language code of text/sound track or separate title eng
245 00 - TITLE STATEMENT
Title Key data
Remainder of title INREV
260 ## - PUBLICATION, DISTRIBUTION, ETC.
Date of publication, distribution, etc. 2007
490 #0 - SERIES STATEMENT
Series statement EuroProperty
Volume/sequential designation 5 February 2007, 37(1)
520 ## - SUMMARY, ETC.
Summary, etc. Reports Non-listed funds as the favoured route into real estate, with access to expert management and international portfolio diversification being the prime reasons why investors like non-listed funds. However lack of transparency and market information is seen as the greatest disadvantage of the unlisted sector.
590 ## - LOCAL NOTE (RLIN)
Local note KA
651 #4 - SUBJECT ADDED ENTRY--GEOGRAPHIC NAME
Geographic name EUROPE
690 ## - LOCAL SUBJECT ADDED ENTRY--TOPICAL TERM (OCLC, RLIN)
Topical term or geographic name as entry element PROPERTY-COMMERCIAL PROPERTY-COMMERCIAL PROPERTY MARKET
942 ## - ADDED ENTRY ELEMENTS (KOHA)
Suppress in OPAC 0
Holdings
Withdrawn status Lost status Source of classification or shelving scheme Damaged status Not for loan Home library Current library Shelving location Date acquired Total Checkouts Full call number Barcode Date last seen Copy number Price effective from Koha item type
    Dewey Decimal Classification     London London Journal article 07/02/2007   L136555 136555-1001 06/08/2019 1 06/08/2019 Journal article